Voodoo Child - Rogue Traders - All Lyrics - Statistics

General Stats
  • This quiz has been taken 3 times
  • The average score is 191 of 254
Answer Stats
Answer % Correct
a
100%
are
100%
Baby,
100%
baby,
100%
baby
100%
child,
100%
child
100%
just
100%
my
100%
My
100%
Put
100%
voodoo
100%
voodoo,
100%
You
100%
you
100%
your
100%
Your
100%
cards
67%
come
67%
comes,
67%
coming
67%
Do
67%
don't
67%
Don’t
67%
drums
67%
drums,
67%
fold?
67%
grow
67%
here
67%
Here
67%
honey
67%
I
67%
I'm
67%
it
67%
It’s
67%
(It's
67%
like
67%
maybe,
67%
maybe
67%
me
67%
never
67%
of
67%
old
67%
on
67%
play
67%
puppet
67%
say
67%
So
67%
sound
67%
supernatural,
67%
table,
67%
the
67%
twist?
67%
undone
67%
undone)
67%
You're
67%
All
33%
and
33%
cold
33%
doll
33%
doll)
33%
Feel
33%
future?
33%
gold
33%
hold
33%
in
33%
kisses
33%
Let
33%
pictures
33%
pins
33%
poison
33%
running
33%
sell
33%
silver
33%
soul?
33%
Sticking
33%
(Sticking
33%
stole
33%
take
33%
tell
33%
through
33%
Why
33%
No matching quizzes found
Score Distribution
Percent of People with Each Score
Percentile by Number Answered
Your Score History
You have not taken this quiz